000
00309nam a22001457a 4500
008
210531b ||||| |||| 00| 0 eng d
020
_a
9780073530178
041
_a
eng
080
_a
33
082
_a
33
100
_a
54
101
_a
BIZ
245
_a
Business & Society
_c
Lawrence,A.T
942
_2
udc
_c
BK
999
_c
57859
_d
57859